000
00272nam a2200109 a 4500
005
20140414131909.0
008
101011s19uu xx 00 eng d
050
_a
ER
_b
B23 199?
100
_a
Goodings, Christina
245
_a
Bartimouse :
_b
Aboard the ark.
999
_c
111137
_d
111137